000 00376nam a2200157Ia 4500
008 230711s9999||||xx |||||||||||||| ||und||
041 _aENG
082 _a352.63
_bJI-P
100 _aJindal,S.P
245 4 _aThe Punjab right to service act 2011
250 _a2nd Ed.
260 _c2013
_aChandigarh
_bSingla Law Agency
300 _a36
650 _aLiterature
942 _cBK
999 _c5660
_d5660